000 00482nam a22001937a 4500
003 MPLRDC
005 20220104144248.0
008 210129b ||||| |||| 00| 0 eng d
020 _a962-22-0014-1
082 _a857.621 NK v.13 c.3
100 _a倪匡
245 _a地心洪炉
_c
250 _a第五版
260 _a香港
_b明窗出版社有限公司
_c2003
300 _b232
490 _a科幻系列. 13
650 _a科幻小说
942 _cBK
_o857.621 NK v.13 c.3
999 _c47913
_d47903